000 00316nam a2200121Ia 4500
008 191201s2009 xx 000 0 und d
100 _aMITHANI, D.M
245 0 _aManagerial Economics Theory and Application
260 _aN. Delhi
_bHimalaya Publication House
_c2009
300 _a650
650 _aMBA
942 _2ddc
_cBK
999 _c189
_d189